Rajya sabha (Record no. 610554)
[ view plain ]
| 000 -LEADER | |
|---|---|
| fixed length control field | 00854nam a2200229Ia 4500 |
| 003 - CONTROL NUMBER IDENTIFIER | |
| control field | OSt |
| 005 - DATE AND TIME OF LATEST TRANSACTION | |
| control field | 20220926004301.0 |
| 008 - FIXED-LENGTH DATA ELEMENTS--GENERAL INFORMATION | |
| fixed length control field | 220923b |||||||| |||| 00| 0 eng d |
| 037 ## - SOURCE OF ACQUISITION | |
| Terms of availability | General Book |
| 040 ## - CATALOGING SOURCE | |
| Original cataloging agency | RTL |
| Transcribing agency | RTL |
| Language of cataloging | eng |
| 041 ## - LANGUAGE CODE | |
| Source of code | eng |
| Language code of text/sound track or separate title | eng |
| 110 ## - MAIN ENTRY--CORPORATE NAME | |
| Corporate name or jurisdiction name as entry element | RAJYA SABHA |
| 245 #0 - TITLE STATEMENT | |
| Title | Rajya sabha |
| Remainder of title | A report of parliamentry debates |
| 260 ## - PUBLICATION, DISTRIBUTION, ETC. | |
| Place of publication, distribution, etc. | New Delhi |
| Name of publisher, distributor, etc. | Rajya sabha secretariat |
| Date of publication, distribution, etc. | 1973 |
| 500 ## - GENERAL NOTE | |
| General note | No. 11,6Aug,1973(214p); No. 12,7Aug,1973(278p); No. 13,8Aug,1973(256p); No. 14,9Aug,1973(136p); No. 15,10Aug,1973(196p); No. 16,13Aug,1973(192p); No. 17,16Aug,1973(264p); No. 18,17Aug,1973(182p); No. 19,20Aug,1973(204p); No. 20,22Aug,1973(262p) |
| 700 ## - ADDED ENTRY--PERSONAL NAME | |
| Personal name | RAJYA SABHA |
| 942 ## - ADDED ENTRY ELEMENTS (KOHA) | |
| Classification part | W,31m2,N2, L3 |
| Koha item type | General Books |
| Source of classification or shelving scheme | Colon Classification (CC) |
| Withdrawn status | Lost status | Damaged status | Not for loan | Home library | Current library | Date acquired | Total Checkouts | Full call number | Barcode | Date last seen | Price effective from | Koha item type |
|---|---|---|---|---|---|---|---|---|---|---|---|---|
| Ratan Tata Library | Ratan Tata Library | 2022-09-26 | W,31m2,N2 L3 | RT0621654 | 2022-09-26 | 2022-09-26 | General Books |
